000 01043cam a2200337 4500
008 090401t1998 xxu||||| |||| 00| 0 eng d
020 _a1899683704
035 _a(Sirsi) u89194
041 _aeng
050 _a711.52
110 _aLawrence Graham
_93683
245 _aLiveable cities : a study initiated by Lawrence Graham solicitors.
260 _aLondon
_bLawrence Graham
_c1998
300 _a59p. : ill. ; 30cm.
350 _a15
650 _aSUSTAINABLE DEVELOPMENT
650 _aTOWN CENTRE MANAGEMENT
650 _aTOWN CENTRES
650 _aURBAN REGENERATION
650 _aURBAN RENEWAL
690 _aURBAN RENEWAL
710 _aBritish Chambers of Commerce
_93684
710 _aAssociation of Town Centre Management
_93506
710 _aBritish Urban Regeneration Association
_91394
710 _aUrban Village Forum
_93685
710 _aCivic Trust
_92280
710 _aTown and Country Planning Association
_93022
710 _aLondon Planning Advisory Committee
_9850
942 _n0
948 _c21/10/1998
999 _c97430
_d97430